书目信息 |
| 题名: |
新形势下培养大学生爱国爱疆的理论与实践
|
|
| 作者: | 李宝城, , 张杰, , 张小楠, 主编 | |
| 分册: | ||
| 出版信息: | 北京 中国文史出版社 2015 |
|
| 页数: | 322页 | |
| 开本: | 25cm | |
| 丛书名: | 高校德育成果文库 | |
| 单 册: | ||
| 中图分类: | G641.4 | |
| 科图分类: | ||
| 主题词: | 大学生--da xue sheng--爱国主义教育--研究--中国 | |
| 电子资源: | ||
| ISBN: | 978-7-5034-6180-4 | |
| 000 | 01357nam 2200301 450 | |
| 001 | 012001002881 | |
| 005 | 20131031134605.0 | |
| 010 | @a978-7-5034-6180-4@b精装@dCNY78.00 | |
| 099 | @aCAL 012015094897 | |
| 100 | @a20150810d2015 em y0chiy50 ea | |
| 101 | 0 | @achi |
| 102 | @aCN@b110000 | |
| 105 | @aak a 000yy | |
| 106 | @ar | |
| 200 | 1 | @a新形势下培养大学生爱国爱疆的理论与实践@Axin xing shi xia pei yang da xue sheng ai guo ai jiang de li lun yu shi jian@f李宝城, 张杰, 张小楠主编 |
| 210 | @a北京@c中国文史出版社@d2015 | |
| 215 | @a322页@c图@d25cm | |
| 225 | 2 | @a高校德育成果文库@Agao xiao de yu cheng guo wen ku |
| 320 | @a有书目 | |
| 330 | @a本书是教育部思想政治工作司组织出版的《高校德育成果文库》之一。对十年来学校在大学生思想政治教育方面的总体部署、课堂教学、实践育人、校园文化、网络思想教育、心理健康教育、学生管理服务、党团建设、思政队伍建设等方面的工作回顾、做法经验、典型案例、理论探索等进行全面、系统总结并集结成册, 以期促进我校大学生思想政治工作理论和实践成果的转化、交流和应用。 | |
| 410 | 0 | @12001@a高校德育成果文库 |
| 606 | 0 | @a大学生@Ada xue sheng@x爱国主义教育@x研究@y中国 |
| 690 | @aG641.4@v5 | |
| 701 | 0 | @a李宝城,@Ali bao cheng@f1956-@4主编 |
| 701 | 0 | @a张杰,@Azhang jie@f1957-@4主编 |
| 701 | 0 | @a张小楠,@Azhang xiao nan@f1966-@4主编 |
| 801 | 2 | @aCN@b江苏凤凰@c20191020 |
| 905 | @b1231046-9@dG641.4@e1442@f4 | |
| 新形势下培养大学生爱国爱疆的理论与实践/李宝城, 张杰, 张小楠主编.-北京:中国文史出版社,2015 |
| 322页:图;25cm.-(高校德育成果文库) |
| ISBN 978-7-5034-6180-4(精装):CNY78.00 |
| 本书是教育部思想政治工作司组织出版的《高校德育成果文库》之一。对十年来学校在大学生思想政治教育方面的总体部署、课堂教学、实践育人、校园文化、网络思想教育、心理健康教育、学生管理服务、党团建设、思政队伍建设等方面的工作回顾、做法经验、典型案例、理论探索等进行全面、系统总结并集结成册, 以期促进我校大学生思想政治工作理论和实践成果的转化、交流和应用。 |
| ● |
| 相关链接 |
|
|
|
|
正题名:新形势下培养大学生爱国爱疆的理论与实践
索取号:G641.4/1442
 
预约/预借
| 序号 | 登录号 | 条形码 | 馆藏地/架位号 | 状态 | 备注 |
| 1 | 1231046 | 212310462 | 第一样本阅览室/ [索取号:G641.4/1442] | 在馆 | |
| 2 | 1231047 | 212310471 | 教育系资料室/ [索取号:G641.4/1442] | 在馆 | |
| 3 | 1231048 | 212310480 | 教育系资料室/ [索取号:G641.4/1442] | 在馆 | |
| 4 | 1231049 | 212310499 | 第四借阅区/ [索取号:G641.4/1442] | 在馆 |